000 00638nam a22002657a 4500
003 UA-OsUOA
001 31568
007 ta
008 20041224b un ||||| |||| 00| 0 ukr d
100 _aХёйзинга Й.
090 _a94
_bХ35
942 _cBK
040 _aUA-OsUOA
_brus
_cUA-OsUOA
_dUA-OsUOA
245 _aОсень средневековья
_bСочинения в 3-х томах
300 _a416 с.
955 _a0
041 _arus
080 _a94
020 _a5-01-004467-6
260 _aМосква
_bПрогресс
_c1995
246 3 1 _aТ. 1
_n
044 _aRU
650 7 _2UDC
999 _c317997
_d317997